000 00893nam a2200193Ia 4500
999 _c44386
_d44386
003 GCL
005 20240530104051.0
008 140319s9999 xx 000 0 ara d
040 _aGCL /
_cGCL
082 0 4 _a520
_bط ز
100 1 _aالطوسى ، نصر الدين ابوجعفر محمد بن محمد بن الحسن الشافعى
245 1 0 _aزبدة الادراك فى هيئة الافلاك : مع دراسة لمنهح الطوسى العلمى فى مجال الفلك /
_cالطوسى ، نصر الدين ابوجعفر محمد بن محمد بن الحسن الشافعى ؛ دراسة وتحقيق عباس محمد حسن سليمان
260 _aالقاهرة :
_bدار المعرفة الجامعية ،
300 _a175 ص
650 0 4 _aالفلك
650 0 4 _aالبروج
700 1 _aعباس محمد حسن سليمان
_eمحقق
942 _2ddc
_cBK